| 000 | 00675nam a2200217 i 4500 | ||
|---|---|---|---|
| 001 | bg | ||
| 100 | 1 | _aESPESETH, Miriam | |
| 245 | 1 | 0 |
_aAcademic listening encounters : _blistening, note taking and discussion : content focus, human behavior : teacher's manual / _cMiriam Espeseth. |
| 250 | _a2nd print. | ||
| 260 |
_aCambridge : _bCambridge University Press, _c2000. |
||
| 650 | 9 | _aJęzyk angielski | |
| 655 | _aPodręczniki | ||
| 020 | _a160 s. | ||
| 040 | _cBPK | ||
| 041 | 0 | _aeng | |
| 080 | _a811.111(07) | ||
| 920 | _a160 s. | ||
| 942 | _cKS | ||
| 008 | s pl f |000 0 pol | ||
| 999 |
_c51162 _d51162 |
||